La prescripcion en el derecho penal

Detalles Bibliográficos
Autor principal: Gonzalez Tapia, Maria Isabel
Formato: Desconocido
Lenguaje:español
Publicado: Madrid : Dykinson, 2003
Materias:
Acceso en línea:Acceso restringido

MARC

LEADER 00000ny a22000003n 4500
005 20110627115111.0
006 m u
007 cr cn|||||||||
008 200508r2003 sp |||||s|||||||||||spa d
020 |a 9788497720779 
035 |a 648 
040 |a FlNmELB  |c FlNmELB  |d vLex 
050 1 4 |a K5136  |b G643 2003eb 
050 1 4 |a K5136  |b G643 2003eb 
080 |a 343.2/.7 
090 |c 1122  |d 1122 
100 1 |a Gonzalez Tapia, Maria Isabel 
245 1 3 |a La prescripcion en el derecho penal  |h [Recurso electrn̤ico]  |c Maria Isabel Gonzalez Tapia 
256 |a Servicio en ln̕ea 
260 |a Madrid :  |b Dykinson,  |c 2003 
300 |a [5]-282 p 
506 1 |a Contenido solo disponible en los productos indicados  |d vLex Global  |d vLex Global (Academic Edition, excluding Law Schools)  |d vLex Global (U.S. Academic Edition, Law Schools)  |d vLex Global (U.S. Academic Edition, excluding Law Schools)  |d vLex Global (Academic Edition, Law Schools) 
650 0 7 |2 Tesauro vLex  |a Prescripcin̤ 
650 0 7 |2 Tesauro vLex  |a Prescripcin̤ o caducidad 
650 0 7 |2 Tesauro vLex  |a Prescripcin̤ de la pena 
650 0 7 |2 Tesauro vLex  |a Prescripcin̤ del delito 
650 0 7 |2 Tesauro vLex  |a Derecho penal 
740 0 |a vLex Libros (Servicios en ln̕ea) 
856 4 0 |z Acceso restringido  |u http://vlex.com/source/648 
942 |c BOOK 
999 |a Prescripcion